000 00602nam a2200181Ia 4500
003 GCL
008 140319s9999 xx 000 0 ara d
040 _aGCL /
_cGCL
082 0 4 _a811.009
_bع م
100 1 _aعبدالعزيز الدسوقى
245 1 0 _aمدرسة الديوان واثرها فى الشعر /
_cعبدالعزيز الدسوقى
300 _a167 ص
490 _aمكتبة الشباب
_v0
650 0 4 _aالشعر العربى - تاريخ ونقد
650 0 4 _aالادب العربى - العصر الحديث
650 0 4 _aمدرسة الديوان
942 _2ddc
_cBK
999 _c50748
_d50748